000 00722nam a2200181Ia 4500
008 151202s9999||||xx |||||||||||||| ||und||
082 _bPNVM-58938
100 _aभडभडे सुमन.
245 _aअग्नीफुले:महाभारतातील नायिका.
260 _b"नवचैतन्य प्रकाशन,बोरोवली."
260 _c58938
300 _a200
600 _aभडभडे सुमन.
630 _aअग्नीफुले:महाभारतातील नायिका.
700 _aभडभडे सुमन.
730 _aअग्नीफुले:महाभारतातील नायिका.
942 _cBOOK
999 _c1325473
_d1325470